Kumpulan puisi : beta belayar ke ambon manise

Bibliographic Details
Main Author: Marzuki Ali
Other Authors: Marzuki Ali, 1945
Format: Book
Published: Kuala Lumpur : Institut terjemahan & buku Malaysia berhad , 2016
Series:Kumpulan puisi
Subjects:

MARC

LEADER 00000cam a2200000 7i4500
001 0000065900
005 20160824.0
008 160824
020 |a 9789674602772 
090 0 0 |a 899.231   |b MAR 
100 0 |a Marzuki Ali 
245 0 0 |a Kumpulan puisi :   |b beta belayar ke ambon manise   |c Marzuki Ali 
260 |a Kuala Lumpur :   |b Institut terjemahan & buku Malaysia berhad ,   |c 2016 
300 |a xxxiii126p. :   |b col.,ill. ;   |c 24cm. 
490 0 |a Kumpulan puisi 
500 |a Puisi 
650 0 |a Malay poetry 
650 0 |a Sajak 
700 0 |a Marzuki Ali, 1945 
999 |a 0001399472   |b Book   |c Adult Collection   |e Cawangan Muar 
999 |a 0001399475   |b Book   |c Adult Collection   |e Cawangan Bandar Penawar 
999 |a 0001399484   |b Book   |c Adult Collection   |e Cawangan Mersing 
999 |a 0001399492   |b Book   |c Adult Collection   |e Cawangan Segamat 
999 |a 0001401258   |b Book   |c Adult Collection   |e Cawangan Taman Sri Lambak 
999 |a 0001401259   |b Book   |c Adult Collection   |e Cawangan Bukit Gambir 
999 |a 0001401260   |b Book   |c Adult Collection   |e Cawangan Pontian 
999 |a 0001401261   |b Book   |c Adult Collection   |e Cawangan Segamat 
999 |a 0001401262   |b Book   |c Adult Collection   |e Cawangan Bandar Tenggara 
999 |a 0001401263   |b Book   |c Adult Collection   |e Cawangan Batu Pahat 
999 |a 0001401264   |b Book   |c Adult Collection   |e Cawangan Tmn. Ungku Tun Aminah 
999 |a 0001401266   |b Book   |c Adult Collection   |e Cawangan Bandar Penawar 
999 |a 0001401267   |b Book   |c Adult Collection   |e Cawangan Tangkak 
999 |a 0001401269   |b Book   |c Adult Collection   |e Cawangan Muar 
999 |a 0001401270   |b Book   |c Adult Collection   |e Cawangan Sri Merlong 
999 |a 0001402396   |b Book   |c Adult Collection   |e Cawangan AEON Kulaijaya 
999 |a 0001402397   |b Book   |c Adult Collection   |e Cawangan Urban Transformation Centre 
999 |a 0001402399   |b Book   |c Adult Collection   |e Perbadanan Perpustakaan Awam Johor 
999 |a 0001402400   |b Book   |c Adult Collection   |e Perbadanan Perpustakaan Awam Johor 
999 |a 000140261   |b Book   |c Adult Collection   |e Cawangan Segamat